书目信息 |
| 题名: |
啤酒工业手册
|
|
| 作者: | 管敦仪 编 | |
| 分册: | 下册 | |
| 出版信息: | 北京 轻工业出版社 1982-1985 |
|
| 页数: | 3册 | |
| 开本: | 21cm | |
| 丛书名: | ||
| 单 册: | ||
| 中图分类: | TS262.5-62 | |
| 科图分类: | ||
| 主题词: | 啤酒--酿酒工业--手册 , 啤酒 , 酿造--啤酒--手册 , 酿造 | |
| 电子资源: | ||
| ISBN: | 15042.1640(上) | |
| 000 | 00822nam0 2200301 450 | |
| 001 | 0182006446 | |
| 005 | 20100712220251.0 | |
| 010 | @a15042.1640(上)@dCNY5.25 | |
| 091 | @a15042.1640(上) | |
| 091 | @a15042.1706(中) | |
| 091 | @a15042.1931(下) | |
| 100 | @a19950623d1982 emky0chiy0110 ea | |
| 101 | 0 | @achi |
| 102 | @aCN@b110000 | |
| 105 | @ay z 000yy | |
| 106 | @ar | |
| 200 | 1 | @a啤酒工业手册@9Pi Jiu Gong Ye Shou Ce @f管敦仪编@h下册 |
| 210 | @a北京@c轻工业出版社@d1982-1985 | |
| 215 | @a3册@d21cm | |
| 510 | 1 | @aHandbook of Brewing Industry@zeng |
| 606 | 0 | @a啤酒@x酿酒工业@x手册 |
| 606 | 0 | @a啤酒 |
| 606 | 0 | @a酿造@x啤酒@x手册 |
| 606 | 0 | @a酿造 |
| 690 | @aTS262.5-62@v3 | |
| 701 | 0 | @a管敦仪@9guan dun yi@4编 |
| 801 | 0 | @aCN@bAzMarc@c20130904 |
| 905 | @aBZT@dTS262.5@e38:3@f2@sTS262.5/38:3 | |
| 啤酒工业手册/管敦仪编.下册.-北京:轻工业出版社,1982-1985 |
| 3册;21cm |
| ISBN 15042.1640(上):CNY5.25 |
| ● |
| 相关链接 |
|
|
|
正题名:啤酒工业手册
索取号:TS262.5/38:3
 
预约/预借
| 序号 | 登录号 | 条形码 | 馆藏地/架位号 | 状态 | 备注 |
| 1 | 2000112237 | 2000112237 | 旧书回溯/ [索取号:TS262.5/38:3] | 在馆 | |
| 2 | 2000112238 | 2000112238 | 旧书回溯/ [索取号:TS262.5/38:3] | 在馆 |